Рейс (Запис № 17523)
[ простий вигляд ]
| 000 -Маркер запису | |
|---|---|
| Контрольне поле сталої довжини | 01368nam a22002537a 4500 |
| 003 - Належність контрольного номера | |
| Контрольне поле | Uzh_bibl |
| 008 - Кодовані дані | |
| Контрольне поле сталої довжини | 260427b |||||||| |||| 00| 0 ukr d |
| 020 ## - Індекс ISBN | |
| ISBN | 978-617-7418-33-6 |
| Ціна | 100.80 |
| 040 ## - Джерело каталогіз. | |
| Код мови каталог. | укр. |
| 041 ## - Код мови видання | |
| Код мови оригіналу | українська |
| Код мови тексту | українська |
| 080 ## - Індекс УДК | |
| Індекс УДК | 821.161.2 |
| 090 ## - Шифри | |
| Поличний індекс | 821.161.2 |
| Авторський знак | Л 72 |
| 100 ## - Автор | |
| Автор | Лойко, Сергій |
| 245 ## - Назва | |
| Назва | Рейс |
| Фізичний носій | Текст |
| 260 ## - Вихідні дані | |
| Місце видання | Київ |
| Видавництво | Брайт Стар Паблішинг |
| Дата видання | 2017 |
| 300 ## - Фізичний опис | |
| Обсяг | 432 с. |
| 520 ## - Анотація | |
| Анотація | В основі роману-трилера Сергія Лойка «Рейс» лежать реальні події. Посеред кривавої війни, розв’язаної Росією, головний герой Сергій Альохін спочатку самостійно, а потім із допомогою американської журналістки розслідує обставини загибелі своєї родини – дружини і двох маленьких доньок, що летіли в пасажирському «Боїнгу», збитому над Донбасом. |
| 521 ## - Примітка про цільове призначення | |
| Примітка про цільове призначення | Для широкого кола читачів |
| 546 ## - Примітка про мову | |
| Примітка про мову | укр. |
| 650 ## - Тематичні рубрики | |
| Основна рубрика | Літературно-художнє видання |
| 653 ## - Ключові слова | |
| Ключові слова | Війна |
| -- | Бандити |
| 655 ## - Термін індексування — жанр/форма | |
| Жанр/форма | Трилер |
| Типове ділення | Роман |
| 942 ## - ADDED ENTRY ELEMENTS (KOHA) | |
| Джерело класифікації чи схема поличного розташування | |
| Koha item type | Книги |
| Статус вилучення | Статус втрати/відсутності | Джерело класифікації чи схема поличного розташування | Статус пошкодження | Тип обігу (не для випозичання) | Постійне розташування | Поточне розташування | Розташування у відділі | Дата надходження | Інвентарний номер | Total Checkouts | Повний (примірниковий) шифр зберігання | Штрих-код | Date last seen | Дата, для якої чинна ціна заміни | Тип одиниці (рівень примірника) |
|---|---|---|---|---|---|---|---|---|---|---|---|---|---|---|---|
| Бібліотека-філія №3 | Бібліотека-філія №3 | Абонемент старший відділ | 27/04/2026 | 69900 | 821.161.2 | 4174 | 27/04/2026 | 27/04/2026 | Книги |